00980nam a2200157 a 4500008004100000020000800041041000800049100002900057245004100086250001100127260003400138300001100172500007300183505055100256655001500807190917e1964 sp |||g |||| 001 0 spa d aS/D aspa1 aSamaniego, Félix Maria aFábulas /cFélix Maria Samaniego a4a ed. aMadrid:bEspasa Calpe;c1964. a157 p. aSamaniego, F. M. (1964). Fábulas. (4a ed.). Madrid : Espasa Calpe. aMuchos son los sabios, de diferentes siglos y naciones, que han inspirado al renombre de fabulistas; pero muy pocos los que han hecho esta carrera felizmente. Este conocimiento debiera haberme retraído del arduo empeño de meterme a contar fábulas en verso castellano. Así hubiera sido; pero permítame el público protestar con sinceridad, en mi abono, que en esta empresa no ha tenido parte mi elección. Es puramente obra de mi pronta obediencia, debida a una persona, en quien respeto unidas las calidades de tío, maestro y jefe.  aLiteratura